Normal view
MARC view
- Julie Pallant.
Entry Personal Name
001 - CONTROL NUMBER
- control field: 9114
003 - CONTROL NUMBER IDENTIFIER
- control field: OSt
005 - DATE AND TIME OF LATEST TRANSACTION
- control field: 20180913110923.0
008 - FIXED-LENGTH DATA ELEMENTS
- fixed length control field: 180913|| aca||aabn | a|a d
040 ## - CATALOGING SOURCE
- Original cataloging agency: OSt
- Transcribing agency: OSt
100 ## - HEADING--PERSONAL NAME
- Personal name: Julie Pallant.
670 ## - SOURCE DATA FOUND
- Source citation: Work cat.: (OSt): Julie Pallant., SPSS survival manual : , 2016.

PORTAL AKMAL
E-MEL JKDM
AKMAL2U
G-BAM
u-PUSTAKA